Kluby sportowe w Bydgoszczy - Statystyki

Ogólne statystyki
  • Ten quiz został rozwiązany 171 razy
    70 od ostatniego zresetowania
  • Średni wynik to 7 z 11
Statystyki odpowiedzi
Podpowiedź Odpowiedź % Poprawnych
Najbardziej utytułowany klub w piłce nożnej w województwie Kujawsko-Pomorskim. Zawisza Bydgoszcz
100%
Ma swoją drużynę w żużlu. Polonia Bydgoszcz
98%
Klub mieście się na Wyżynach. Co roku walczy o awans do III ligi. Chemik Bydgoszcz
80%
Ma stadion na Miedzyniu. Specjalizuje się w szkoleniu juniorów. Gwiazda Bydgoszcz
76%
Nazwany po rzece przepływającej przez miasto. Dziś już ten klub nie istnieje. Brda Bydgoszcz
75%
Budowlany Klub Sportowy BKS Bydgoszcz
64%
Największy klub koszykarski w mieście. Gra w Sisu Arenie. Astoria Bydgoszcz
63%
Klub z Fordonu grający w Klasie B. Swoje mecze gra na stadionie przy ulicy Sielskiej. Wisła Fordon
58%
Kobiecy klub piłkarski w Bydgoszczy. KKP Bydgoszcz
36%
Klub z Fordonu szkolący dzieci i młodzież. Wisełka Fordon
32%
Klub grający w grupie Bydgoszcz I w Klasie A. Ma stadion w jednej z północnych dzielnic Piaski Bydgoszcz
17%
Nie znaleziono quizów pasujących do podanych kryteriów
Rozkład punktacji
Procent ludzi z każdym wynikiem
Percentyl według liczby udzielonych odpowiedzi
Twoja historia wyników
Nie rozwiązałeś tego quizu od ostatniego zresetowania